000 00593nam a2200205Ia 4500
003 OSt
005 20250304143020.0
008 210210b1971 xxu||||| |||| 00| 0 eng d
040 _cAL
041 _ahin
082 _aH891.9 BANI
100 _aBANARJI (Hiranmay):
_9203767
110 _aबेनर्जी हिरण्मय
_9203768
245 _aIshvarchandr Vidhyasagar
_bईश्वरचंद्र विद्यासागर
260 _aNayi Dilli
_bSahitya Academy
_c1971
300 _a79
690 _aHindi Criticism
_9203769
906 _a029936
942 _2ddc
_cBK
999 _c81134
_d81134